| 000 | 01171cam a2200349 i 4500 | ||
|---|---|---|---|
| 001 | 200441588 | ||
| 003 | TR-AnTOB | ||
| 005 | 20260106141339.0 | ||
| 007 | ta | ||
| 008 | 760331s1975 fr b i000 0 eng | ||
| 010 | _a76357860 | ||
| 020 | _a9264113193 | ||
| 035 | _a(OCoLC)1802979 | ||
| 040 |
_aDLC _beng _eRDA _cDLC _dEEM _dUtOrBLW _dTR-AnTOB |
||
| 041 | 0 | _aeng | |
| 050 | 0 | 0 |
_aT174.5 _b.M47 1975 |
| 086 | _aOECD M592 | ||
| 090 |
_aTOBBK T174.5 _b.M47 1975 |
||
| 099 | _a600 MET 1975 | ||
| 245 | 0 | 0 |
_aMethodological guidelines for social assessment of technology / _cOrganisation for Economic Co-operation and Development. |
| 264 | 1 |
_aParis : _bOrganisation for Economic Co-operation and Development, _c1975. |
|
| 300 |
_a146 pages: _c27 cm |
||
| 336 |
_atext _btxt _2rdacontent. |
||
| 337 |
_aunmediated _bn _2rdamedia. |
||
| 338 |
_avolume _bnc _2rdacarrier. |
||
| 490 | 0 | _aDocument / Organisation for Economic Co-operation and Development | |
| 650 | 0 |
_aTechnology assessment _9131105 |
|
| 710 | 2 |
_aOrganisation for Economic Co-operation and Development _933753 |
|
| 942 |
_2z _cBK |
||
| 999 |
_c200441588 _d59800 |
||